| 000 | 01241nam a2200361 i 4500 | ||
|---|---|---|---|
| 003 | KOSZ 005 | ||
| 005 | 20210317132111.0 | ||
| 008 | 000320s1980 pl a f |001 0 pol d | ||
| 015 | _aPB 1980/6458 | ||
| 020 | _a8320402174 | ||
| 040 |
_aWA N _cWA N _dKOSZ 005/HR |
||
| 041 | 1 |
_apol _heng |
|
| 046 | _k1976 | ||
| 080 | _a537.3 | ||
| 080 | _a621.382 | ||
| 100 | 1 |
_aVan Der Ziel, Aldert _eAutor |
|
| 245 | 1 | 0 |
_aPodstawy fizyczne elektroniki ciała stałego / _cAldert van der Ziel ; z ang. przeł. Eugenia Kaczmarek-Morawiec. |
| 246 | 1 |
_iTyt. oryg.: _aSolid state physical electronics, _f1976. |
|
| 260 |
_aWarszawa : _bWydaw-a Naukowo-Techniczne, _c1980. |
||
| 300 |
_a538, [2] s. : _bil. wykr. err. ; _c25 cm. |
||
| 380 | _aKsiążki | ||
| 388 | _a1901-2000 | ||
| 388 | _a1945-1989 | ||
| 504 | _aBibliogr. przy rozdz. . - Indeks. | ||
| 650 | 4 | _aPółprzewodniki | |
| 650 | 4 | _aCiało stałe | |
| 650 | 4 | _aFizyka ciała stałego | |
| 658 | _aFizyka i astronomia | ||
| 658 | _aInżynieria i technika | ||
| 700 | 1 |
_aKaczmarek-Morawiec, Eugenia _eTłumaczenie |
|
| 856 |
_uhttp://koha.tu.koszalin.pl/cgi-bin/koha/opac-detail.pl?biblionumber=19403 _yKatalog online BPK |
||
| 942 |
_2UKD _cKS |
||
| 999 |
_c19403 _d19403 |
||